000
00203 a2200097 4500
001
8878
100
_a
Anster J
245
_a
Maaictowe's treagical history
260
_a
_b
Oxford
_c
090
_c
7070
_d
7070
942
_a
NUST-CAE
_c
M
_c
33679
999
_c
243951
_d
243951